000 00729nam a2200181Ia 4500
008 100920s9999 xx 000 0 und d
082 _b98533
_a28 व 539 थ 97
100 _aचौधरी सुधीर अण्णाजी.
245 _aविज्ञान वारकरी शोधांच्या कथा.
260 _bसाकेत,औरंगाबाद.
_c1997
300 _a72
_bसाधी
365 _b45
520 _aबा.वि.शाआ.
630 _aविज्ञान वारकरी शोधांच्या कथा.
650 _aबा.वि.शाआ.
730 _aविज्ञान वारकरी शोधांच्या कथा.
942 _cBOOK
999 _c738971
_d738968